| 000 | 00523nam a2200193Ia 4500 | ||
|---|---|---|---|
| 003 | LK-CoDNM | ||
| 005 | 20240726111450.0 | ||
| 008 | 010623t1938 xxu||||| |||| 00| 1 eng d | ||
| 040 |
_aLK-CoDNM _dLK-CoDNM _eLK-CoDNM |
||
| 041 | _aeng | ||
| 080 |
_a14 _bBB38 |
||
| 100 | _aLe May,Reginald. | ||
| 245 | _aA Concise History of Buddhist Art in Siam | ||
| 260 |
_bCambridge University Press _aLondon _c1938 |
||
| 300 | _bxx, 165p. : ill , ill , map ; 29 cm | ||
| 650 | _aDvaaravati | ||
| 650 | _aKhmerperiod | ||
| 942 | _cBK | ||
| 999 |
_c98794 _d98794 |
||